000 00459nam a22001817a 4500
003 LK-CoMWRAF
005 20231117151413.0
008 231117b |||||||| |||| 00| 0 eng d
040 _aLK-CoMWRAF
_dLK-CoMWRAF
_eLK-CoMWRAF
041 _aeng
082 _a823
_bLEE
100 _aLee, Lorraine
245 _aMy magic roller-skates
260 _aMalaysia :
_bPenerbitan pelangi,
_c1997
490 _aLittle readers
650 _aChildren books
942 _cBK
999 _c4105
_d4105